000 00689nam a2200181 i 4500
001 135455
003 ES-MaACL
005 20240126063013.0
007 t|
008 070718s1906 fr ||||1| fre d
100 1 _aTolstói, Lev,
_d1828-1910
_9110489
245 1 0 _aVie et oeuvre
_b: memoires, souvenirs, lettres, extraits du journal intime, notes et documents biographiques /
_creunis, coordonnés et annotés par P. Birukov, revisés par Léon Tolstoï ; traduits sur le manuscrit par J. W. Bienstock.
300 _a2 v. ;
_c20 cm.
700 1 _aBirukov, P.
_928991
700 1 _aBienstock, J. Wladimir (
_d1868-1933)
_928814
852 _aES-MaACL
_jF-9727-28
999 _c135455
_d135455